00936nam a22001817a 4500008004100000020001900041020001500060050002500075100001900100245040900119250001200528260004400540300003200584500003700616650003500653650004500688650002100733161028b xxu||||| |||| 00| 0 eng d a 9780780806672 a0780806670 aRC 933 .A665257 2005 aSutton, Amy L. aArthritis sourcebook :bbasic consumer health information about osteoathritis,rheumatoid arthritis, other rheumatic disorders, infectious forms of arthritis, and diseases with symptoms linked to arthritis, featuring facts about diagnosis, pain management, and surgical therapies along with coping strategies, research updates, a glossary, and resources for additional help and information/cAmy L. Sutton a2nd ed. aDetroit, MI :b Omnigraphics, c©2004. axvi, 593p. :bill. ;c23cm. aIncludes bibliography and index. aArthritisxPopular works.  aArthritexOuvrages de vulgarisation.  a Arthritis.